| 000 | 00566cam a2200145 4500500 | ||
|---|---|---|---|
| 005 | 20260208002337.0 | ||
| 041 | _afre | ||
| 042 | _adc | ||
| 100 | 1 | 0 |
_aPradelles de Latour, Charles-Henry _eauthor |
| 245 | 0 | 0 | _aJean-Claude Muller, Les Rites initiatiques des Dii de l’Adamaoua (Cameroun), Nanterre, Société d’ethnologie, 2002, 129 p., bibl., ill. |
| 260 | _c2005. | ||
| 500 | _a56 | ||
| 786 | 0 | _nL'Homme | 173 | 1 | 2005-01-01 | p. 199v-283v | 0439-4216 | |
| 856 | 4 | 1 | _uhttps://shs.cairn.info/revue-l-homme-2005-1-page-199v?lang=fr&redirect-ssocas=7080 |
| 999 |
_c1645935 _d1645935 |
||